000032550 001__ 32550
000032550 005__ 20160204081746.0
000032550 037__ $$aTAZ-TFG-2015-3552
000032550 041__ $$aspa
000032550 1001_ $$aElouafi Alcaina, Zacarías
000032550 24500 $$aEducación y mercado laboral: una perspectiva internacional.
000032550 260__ $$aZaragoza$$bUniversidad de Zaragoza$$c2015
000032550 506__ $$aby-nc-sa$$bCreative Commons$$c3.0$$uhttp://creativecommons.org/licenses/by-nc-sa/3.0/
000032550 520__ $$aEl presente trabajo establece una panorámica de la relación entre educación y mercado laboral en el contexto de la OCDE. Cuestiones tales como, los niveles educativos y la empleabilidad, los salarios potenciales de la educación, el rol de las habilidades, el desajuste educativo se abordan desde diversos indicadores proporcionados por la OCDE o Eurostat entre otras fuentes. Para finalizar, se hace especial hincapié en la situación de España en el contexto internacional.
000032550 521__ $$aGraduado en Economía
000032550 540__ $$aDerechos regulados por licencia Creative Commons
000032550 700__ $$aBerdún Chéliz, Pilar$$edir.
000032550 7102_ $$aUniversidad de Zaragoza$$b $$c
000032550 8560_ $$f631441@celes.unizar.es
000032550 8564_ $$s1790171$$uhttps://zaguan.unizar.es/record/32550/files/TAZ-TFG-2015-3552.pdf$$yMemoria (spa)
000032550 909CO $$ooai:zaguan.unizar.es:32550$$pdriver$$ptrabajos-fin-grado
000032550 950__ $$a
000032550 951__ $$adeposita:2015-12-03
000032550 980__ $$aTAZ$$bTFG$$cECON